|
|
|
|
| LEADER |
00780cas#a2200241#a#4500 |
| 001 |
016354 |
| 005 |
20191128131710.0 |
| 008 |
010910c1967####pe####p#############spa#d |
| 999 |
|
|
|c 27005
|d 109811
|
| 040 |
|
|
|a AR-beUNQ
|e aacr
|
| 099 |
|
|
|a P-PE-AMA1 [Fondo Reservado]
|
| 110 |
2 |
|
|a Universidad Nacional de Ingeniería. Subdivisión de Extensión Universitaria
|
| 245 |
0 |
0 |
|a Amaru: Revista de arte y ciencia
|c Universidad Nacional de Ingeniería. Subdivisión de Extensión Universitaria.
|
| 260 |
|
|
|a Lima :
|b Universidad Nacional de Ingeniería,
|
| 300 |
|
|
|a v.
|
| 592 |
|
|
|a Fondo Reservado
|
| 650 |
|
7 |
|a CIENCIA
|2 Spines
|
| 650 |
|
7 |
|a ASPECTO POLITICO
|2 toit
|
| 650 |
|
7 |
|a ARTE
|2 toit
|
| 653 |
|
|
|a CRITICA LITERARIA
|
| 866 |
0 |
|
|a 1967 (1); 1968 (7)
|
| 929 |
|
|
|j 29930
|
| 942 |
|
|
|c REV
|n 0
|